All AJR Songs - Statistics

General Stats
  • This quiz has been taken 82 times
    41 since last reset
  • The average score is 41 of 66
Answer Stats
Answer % Correct
The Maybe Man
96%
100 Bad Days
89%
Turning Out
89%
Bang!
86%
Inertia
86%
I Won't
86%
Yes I'm a Mess
86%
2085
82%
God is Really Real
82%
Steve's Going to London
82%
The DJ Is Crying for Help
82%
3 O'Clock Things
79%
I'm Ready
79%
Karma
79%
Touchy Feely Fool
79%
World's Smallest Violin
79%
Humpty Dumpty
75%
Ok Overture
75%
The Dumb Song
75%
Birthday Party
71%
Bummerland
71%
Burn The House Down
71%
Hole in the Bottom of My Brain
71%
Sober Up
71%
Way Less Sad
71%
Weak
71%
Don't Throw Out My Legos
68%
Overture
68%
Overture
68%
Beats
64%
Christmas In June
64%
Finale (We Can't Wait To See What You Do Next)
64%
Joe
64%
Next Up Forever
64%
Adventure Is Out There
61%
Dear Winter
61%
My Play
61%
Ordinaryish People
61%
The Trick
61%
Turning Out pii
61%
The Good Part
57%
Turning Out Piii
57%
Wow I'm Not Crazy
57%
Break My Face
54%
Netflix Trip
54%
The Entertainment's Here
54%
Thirsty
54%
Drama
50%
I'm Not Famous
50%
Pitchfork Kids
50%
Role Models
50%
Big White Bed
46%
Call My Dad
46%
Infinity
46%
Three Thirty
46%
Big Idea
43%
Bud Like You
43%
Come Hang Out
43%
Woody Allen
43%
Livin' On Love
39%
Normal
39%
Growing Old On Bleecker Street
36%
No Grass Today
36%
The Green And The Town
36%
My Calling
32%
The World Is A Marble Heart
32%
No matching quizzes found
Score Distribution
Percent of People with Each Score
Percentile by Number Answered
Your Score History
You have not taken this quiz since the last reset